| 000 | 00597nam a22001817a 4500 | ||
|---|---|---|---|
| 999 |
_c186169 _d186169 |
||
| 005 | 20220215154657.0 | ||
| 010 | _aENG-131602 | ||
| 020 |
_a9788193944493 _c531.00 |
||
| 035 | _aEN-115134 | ||
| 037 | _bDBAD | ||
| 082 | _a881 | ||
| 100 | _aMisra, Munindra | ||
| 245 |
_aFive Polity Paths: _bPanchtantra In English Rhyme/ _cMunindra Misra |
||
| 260 |
_aNoida _bJitendra Anand Infratech Private Limited _c2019 |
||
| 270 |
_a2203, Express Trade Towers-2, Sector-132 _bNoida _e201304 _mjai3ebooksandpublishing@gmail.com |
||
| 300 |
_a326p. _c22cm(pbk) |
||
| 942 |
_2ddc _cEN _h881 _mMIS |
||